000 00866nam a2200277 i 4500
003 EG-GICUC
005 20260121101408.0
008 251130s1901 fr ||||fr|||| 00| 0 fre d
040 _a EG-GICUC
_bfre
_c EG-GICUC
_d EG-GICUC
_erda
041 0 _hfre
082 0 4 _221
_a343.3
_bSI . C
092 0 4 _221
099 _aLaw1 10 343.3 SI . C 1901
100 0 _aSirey, Jean
_eAuteur
245 1 4 _aLes Codes Annotés /
_cPar Jean Sirey.
264 1 _aParis :
_bIMPRIMERIE ST LIBRAIRIE GÉNÉRALE DE JURISPRUDE MARCHAL ET BILLARD,
_c1901.
300 _a853 pages ;
_c24 cm.
336 _2rda content
_atext
337 _2rda media
_aComputer
338 _2rda carrier
_aOnline Resource
546 _aTexte en français
650 1 4 _aDroit Pénal
856 4 0 _uhttps://fll.law.cu.edu.eg/fulltext/bks/B10-00227.pdf
905 _a33
_eHassnaa
942 _2ddc
_cBK
_e21
_n0
999 _c47491
_d47491